| 000 | 00667nam a2200205 a 4500 | ||
|---|---|---|---|
| 999 |
_c12654 _d12654 |
||
| 001 | 12654 | ||
| 003 | BD-JhCC | ||
| 005 | 20221029082045.0 | ||
| 008 | 221029s20132021bg |||| |||| 000 0 ban d | ||
| 035 | _a(BD-JhCC)12654 | ||
| 040 |
_aBD-JhCC _dBD-JhCC |
||
| 041 | _aBangla | ||
| 082 |
_a891.44 _bNAJ 2021 |
||
| 100 | _aনাজিম উদ্দিন, মোহাম্মদ | ||
| 245 |
_aজাল / _cমোহাম্মদ নাজিম উদ্দিন |
||
| 260 |
_aঢাকা : _bবাতিঘর প্রকাশনী, _c২০২১ |
||
| 300 |
_a২৪০ পৃ. : _c২১ সেমি. |
||
| 650 | _aDetective novel | ||
| 942 |
_2ddc _cBK |
||